El negro en Costa Rica : antología /
Đã lưu trong:
| Những tác giả chính: | , |
|---|---|
| Định dạng: | Sách |
| Ngôn ngữ: | Spanish |
| Được phát hành: |
San José :
Editorial Costa Rica,
1972.
|
| Phiên bản: | 1. edición |
| Những chủ đề: | |
| Các nhãn: |
Thêm thẻ
Không có thẻ, Là người đầu tiên thẻ bản ghi này!
|
MARC
| LEADER | 00000cam a2200000 i 4500 | ||
|---|---|---|---|
| 001 | 4133844 | ||
| 005 | 20171127110008.0 | ||
| 008 | 760720s1972 cr b 000 0 spa | ||
| 040 | |a DLC |c DLC |d DLC |d CIICLA | ||
| 082 | |a 972.86 |b M519n | ||
| 100 | 1 | |a Meléndez Chaverri, Carlos. | |
| 100 | 1 | |a Duncan, Quince, |d 1940- | |
| 245 | 1 | 3 | |a El negro en Costa Rica : |b antología / |c Carlos Meléndez, Quince Duncan. |
| 250 | |a 1. edición | ||
| 260 | |a San José : |b Editorial Costa Rica, |c 1972. | ||
| 300 | |a 225 páginas | ||
| 504 | |a Incluye bibliografía. | ||
| 505 | 0 | |a Meléndez, C. El negro en Costa Rica durante la Colonía. Aspectos sobre la inmigración jamaicana.--Duncan, Q. El negro antillano, inmigración y presencia.--Antología: Meléndez, C. Bibliografía preliminar afrocostarricense. Sánchez M., A. El negro en la literatura costarricense. Duncan, Q. La tradición oral del afrocostarricense. Meléndez, C. El pensamiento de Marcus Garvey. Zuñiga T., V. Marcus Garvey. Las ideas de Garvey. Wolfe, T. El porvenir del inglés de Limón. Sawyers Royal, K. Las logias de Limón. Participación política del negro limonense. Bozzoli de Wille, M. E. Resumen de la obra de Roy Simon Bryce Laporte, Social relations and cultural persistence (or change) among Jamaicans in a rural area of Costa Rica. Duncan, Q. New Sligoville. Olien, M. D. The negro in Costa Rica. | |
| 650 | 1 | 7 | |a NEGROS |z COSTA RICA |
| 942 | |2 ddc |c BK | ||
| 999 | |c 3418 |d 3418 | ||
